La migraña : (Registro nro. 14565)

Detalles MARC
000 -LIDER
fixed length control field 00784nam a2200253 a 4500
001 - NÚMERO DE CONTROL
Identificador de número de control 000028231
003 - IDENTIFICACDOR DE NÚMERO DE CONTROL
control field DO-SdBNP
005 - DATE AND TIME OF LATEST TRANSACTION
control field 20240213100003.0
008 - ELEMENTOS DE LONGITUD FIJA
fixed length control field 110407s1998 mx a 000 | spa d
020 ## - ISBN
International Standard Book Number 968403945X
040 ## - FUENTE DE CATALOGACIÓN
Agencia que crea de manera original el registro DO-SdBNP
Idioma de catalogación spa
Agencia que realiza la transcripción BPMSU
082 #4 - NÚMERO DE CLASIFICACIÓN DECIMAL DE DEWEY
Classification number 616.857
Item number H582m 1996
Edition number 22
100 1# - ASIENTO PRINCIPAL -- NOMBRE PERSONAL
Nombre personal Herzberg, Eileen
245 13 - MENCIÓN DE TITULO
Título La migraña :
Subtítulo un tratamiento integral, seguro y efectivo /
Mención de responsabilidad Eileen Herzberg ; traducción Tanya Huntington
260 ## - PUBLICACIÓN, DISTRIBUCIÓN, ETC. (PIE DE IMPRENTA)
Lugar de publicación, distribución, etc México :
Nombre del editor, distribuidor, etc. Selector,
Fecha de publicación, distribución, etc 1998
300 ## - DESCRIPCIÓN FÍSICA
Extensión 190 p. ;
Dimensiones 21 cm.
Otros detalles físicos
490 0# - MENCIÓN DE SERIES
Mención de serie Salud y belleza
590 ## - NOTA LOCAL
Texto de la nota local Inventariado,2024/VM
650 #4 - ENCABEZAMIENTO DE MATERIA--TEMÁTICO
Término temático o nombre geográfico como elemento de entrada Migraña
Subdivisión temática general Farmacología
650 #4 - ENCABEZAMIENTO DE MATERIA--TEMÁTICO
Término temático o nombre geográfico como elemento de entrada Migraña
Subdivisión temática general Prevención.
700 1# - ASIENTO SECUNDARIO -- NOMBRE PERSONAL
Nombre personal Huntington, Tanya
Mención de responsabilidad tr.
910 ## - VALIDACIÓN
Validación VMateo V. Control de calidad. BPMSU
942 ## - ADDED ENTRY ELEMENTS (KOHA)
Source of classification or shelving scheme Dewey Decimal Classification
Koha item type Libros
Existencias
Withdrawn status Lost status Source of classification or shelving scheme Damaged status Not for loan Collection code Home library Current library Date acquired Total Checkouts Full call number Barcode Date last seen Price effective from Koha item type
    Dewey Decimal Classification     Colección General Biblioteca Pública Metropolitana Salomé Ureña Biblioteca Pública Metropolitana Salomé Ureña 02/13/2024   BPMSU CG 616.857 H582m 1996 BPMSU24020025 02/13/2024 02/13/2024 Libros